000 01301nam a2200313 i 4500
001 bg
100 1 _aNAŁĘCZ, Barbara
_d(1942- )
245 1 0 _aFormat MARC 21 rekordu bibliograficznego dla wydawnictwa ciągłego /
_cBarbara Nałęcz ; Stowarzyszenie Bibliotekarzy Polskich, Centrum Formatów i Kartotek Haseł Wzorcowych Biblioteki Uniwersyteckiej w Warszawie.
246 1 5 _aMarc 21 format for bibliographic data: serials
260 _aWarszawa :
_bWydaw. SBP,
_c2001.
300 _a171 s. ;
_c24 cm.
490 1 _aFormaty, Kartoteki ;
_v10
500 _aTyt. równol.: Marc 21 format for bibliographic data: serials.
504 _aBibliogr.
650 9 _aMARC
_zPolska
650 9 _aWydawnictwa ciągłe
_xopis bibliograficzny
_xkomputeryzacja
_zPolska
655 _aInstrukcje
710 0 _aStowarzyszenie Bibliotekarzy Polskich
710 0 _aBiblioteka Uniwersytecka (Warszawa)
_bCentrum Formatów i Kartotek Haseł Wzorcowych
830 _aFormaty, Kartoteki ;
020 _a8387629685
040 _cBPK
041 0 _apol
080 _a025.3:004.6:0/9(05)](083.1)
920 _a83-87629-68-5
942 _cKS
008 s pl f |000 0 pol
999 _c43918
_d43918
856 _uhttp://koha.tu.koszalin.pl/cgi-bin/koha/opac-detail.pl?biblionumber=43918
_yKatalog online BPK